|
|
|
|
| LEADER |
00000nab a2200000 ar4500 |
| 001 |
vtls008622768 |
| 003 |
SK-MaSNL |
| 005 |
20260319071417.0 |
| 008 |
060103c2006 xo |||||||| 000 b|hun |
| 015 |
|
|
|a SNBRB2006/01
|2 snkbucl
|
| 038 |
|
|
|a SNKBUCL
|
| 040 |
|
|
|a DSZK
|b slo
|c DSZK
|e AACR2
|
| 041 |
0 |
|
|a slo
|
| 044 |
|
|
|a xo
|c SK
|
| 080 |
|
|
|a 234
|2 UDC-MRF-SK2
|
| 100 |
1 |
|
|a Orosch, Ján,
|d 1953-
|4 aut
|9 110590
|
| 245 |
1 |
0 |
|a "Nincs üdvösség senki másban!"
|c Orosch János püspök
|
| 300 |
|
|
|b Fotogr.
|
| 650 |
0 |
7 |
|a vykúpenie
|2 snkbucl
|9 22783
|
| 650 |
0 |
7 |
|a viera
|2 snkbucl
|9 22707
|
| 650 |
0 |
7 |
|a milosť
|2 snkbucl
|9 49843
|
| 655 |
|
7 |
|a náboženské úvahy
|2 snkbucl
|9 277880
|
| 773 |
0 |
|
|t Remény
|g Évf. XVII, sz. 1 (2006), o. 1
|x 1335-6534
|
| 852 |
|
|
|a SNK
|b KIS3GCP
|
| 852 |
|
|
|a DSZK
|b KIS3GCP
|
| 958 |
|
|
|a HU
|
| 958 |
|
|
|a NT
|
| 999 |
|
|
|c 1761313
|d 1763243
|